000 00449nam a2200205 a 4500
999 _c10233
_d10233
001 10233
003 BD-JhCC
005 20180421180733.0
008 180421s xxua|||| || | 001 0 eng d
035 _a(BD-JhCC)10233
040 _aBD-JhCC
_dBD-JhCC
041 _aeng
082 _a550
_bEAR
245 _aEarth /
300 _a157 p. :
_bill. ;
_c27 cm.
504 _aIncludes index
650 _aEarth
942 _2ddc
_cBK